Detalles MARC
| 000 -CABECERA |
| campo de control de longitud fija |
01402nam a22003017a 4500 |
| 003 - IDENTIFICADOR DEL NÚMERO DE CONTROL |
| campo de control |
DO-SdBNP |
| 005 - FECHA Y HORA DE LA ÚLTIMA TRANSACCIÓN |
| campo de control |
20240903093121.0 |
| 007 - CAMPO FIJO DE DESCRIPCIÓN FÍSICA--INFORMACIÓN GENERAL |
| campo de control de longitud fija |
ta |
| 008 - DATOS DE LONGITUD FIJA--INFORMACIÓN GENERAL |
| campo de control de longitud fija |
220207b19691971 ||||| |||| 00| 0 spa d |
| 040 ## - FUENTE DE LA CATALOGACIÓN |
| Centro catalogador/agencia de origen |
DO-SdBNP |
| Lengua de catalogación |
spa |
| Centro/agencia transcriptor |
BNPHU |
| 082 4# - NÚMERO DE LA CLASIFICACIÓN DECIMAL DEWEY |
| Número de clasificación |
370.15 |
| Número de documento/Ítem |
E92p |
| Número de edición |
22 |
| 100 1# - ENTRADA PRINCIPAL--NOMBRE DE PERSONA |
| Nombre de persona |
Evans, E. G. S. |
| 9 (RLIN) |
81167 |
| 240 ## - TÍTULO UNIFORME |
| Título uniforme |
Modern educational psychology |
| Lenguaje de la obra |
Español |
| 245 10 - MENCIÓN DE TÍTULO |
| Título |
Psicología moderna de la educación : |
| Resto del título |
introducción histórica / |
| Mención de responsabilidad, etc. |
E. G. S. Evans ; traducción, Enrique Bernardez Sanchiz ; revisión, Gonzalo Gonzalvo Mainar. |
| 260 ## - PUBLICACIÓN, DISTRIBUCIÓN, ETC. |
| Lugar de publicación, distribución, etc. |
Madrid, España : |
| Nombre del editor, distribuidor, etc. |
Morata, S.A., |
| Fecha de publicación, distribución, etc. |
1971. |
| 300 ## - DESCRIPCIÓN FÍSICA |
| Extensión |
133 p. : |
| Dimensiones |
21 cm |
| 500 ## - NOTA GENERAL |
| Nota general |
Versión española : Enríquez Bernardez Sanchiz |
| 500 ## - NOTA GENERAL |
| Nota general |
Incluye índice de autores. |
| 504 ## - NOTA DE BIBLIOGRAFÍA, ETC. |
| Nota de bibliografía, etc. |
Bibliografía : p. 119-123. |
| 505 0# - NOTA DE CONTENIDO CON FORMATO |
| Nota de contenido con formato |
Derecho del niño -- |
| Título |
Teorías de la personalidad -- |
| -- |
Psicología del aprendizaje -- |
| -- |
Tests mentales y medición -- |
| 534 ## - NOTA SOBRE LA VERSIÓN ORIGINAL |
| Encabezamiento principal del original |
Facsimil de : |
| Mención de edición del original |
Psicología moderna de la educación: introducción histórica. Desarrollo del niño, Teorías de la personalidad, Psicología del aprendizaje, Tests mentales y medición. |
| Publicación, distribución, etc. del original |
Ediciones Morata, |
| Descripción física, etc. del original |
1920 |
| 590 ## - NOTA LOCAL (RLIN) |
| Nota local |
Inventariado, 2022 / SA |
| 650 #4 - PUNTO DE ACCESO ADICIONAL DE MATERIA--TÉRMINO DE MATERIA |
| Término de materia o nombre geográfico como elemento de entrada |
Psicopedagogía |
| 9 (RLIN) |
81168 |
| 700 1# - PUNTO DE ACCESO ADICIONAL--NOMBRE DE PERSONA |
| Nombre de persona |
Bernardez Sanchiz, Enríque |
| Término indicativo de función/relación |
tr. |
| 9 (RLIN) |
81169 |
| 700 1# - PUNTO DE ACCESO ADICIONAL--NOMBRE DE PERSONA |
| 9 (RLIN) |
50374 |
| Nombre de persona |
Gonzalvo Mainar, Gonzalo |
| Término indicativo de función/relación |
revisión |
| 910 ## - DATOS DE OPCIÓN DEL USUARIO (OCLC) |
| Datos de opción del usuario |
Saquino/Validado, Control de calidad MFF |
| 942 ## - ELEMENTOS DE PUNTO DE ACCESO ADICIONAL (KOHA) |
| Fuente del sistema de clasificación o colocación |
Dewey Decimal Classification |
| Tipo de ítem Koha |
Libro |